<Die> personelle Verflechtung im Genossenschaftswesen.

Analýza situácie personálnych prepojení v nemeckom družstevníctve v r. 1989 na báze vyhodnotenia 100 obchodných a výročných správ. Personálne prepojenia medzi odvetviami činnosti a vo vnútri odvetví. Rozdelenie mandátov na jednotlivých úrovniach väzieb (združenia, spolky) a počet jednotlivcov s viac...

Descripción completa

Guardado en:
Detalles Bibliográficos
Autor principal: Offermanns, M.
Formato: Capítulo de libro
Lenguaje:alemán
Materias:
Etiquetas: Agregar Etiqueta
Sin Etiquetas, Sea el primero en etiquetar este registro!

MARC

LEADER 00000naa a2200000 4500
001 r010282
005 20221130113404.0
041 0 |a ger 
044 |a DE 
245 1 0 |a <Die> personelle Verflechtung im Genossenschaftswesen.  |c M. Offermanns 
520 |a Analýza situácie personálnych prepojení v nemeckom družstevníctve v r. 1989 na báze vyhodnotenia 100 obchodných a výročných správ. Personálne prepojenia medzi odvetviami činnosti a vo vnútri odvetví. Rozdelenie mandátov na jednotlivých úrovniach väzieb (združenia, spolky) a počet jednotlivcov s viacerými mandátmi. 
610 2 0 |a družstevníctvo 
610 2 0 |a Nemecko 
610 2 0 |a 1989 
610 2 0 |a personál 
610 2 0 |a vzťahy formálne 
610 2 0 |a vzťahy medziodvetvové 
610 2 0 |a správy výročné 
610 2 0 |a analýza ekonomická 
610 2 0 |a združenia 
100 1 |a Offermanns, M.